Quiz sur la guerre de sécession - Statistiques

Statistiques générales
  • Ce quiz a été pris 400 fois
  • Le résultat moyen est 23 sur 50
Statistiques - réponses
Questions Réponses % Correct
Année de commencement de laguerre 1861
90%
Président américain en fonctiondurant la guerre Abraham Lincoln
81%
Année de fin de la guerre 1865
78%
États membres des Étatsconfédérés Texas
75%
Nombre d'états confédérés 11
73%
Deux camps qui s'affrontentlors de cette guerre Union
73%
Pays victorieux de cette guerre États-Unis
69%
États membres des Étatsconfédérés Caroline du sud
66%
États membres des Étatsconfédérés Floride
66%
États membres des Étatsconfédérés Virginie
66%
États membres des Étatsconfédérés Caroline du nord
62%
États membres des États-Unis New York
62%
États membres des Étatsconfédérés Alabama
60%
États membres des Étatsconfédérés Louisiane
60%
États membres des Étatsconfédérés Mississippi
57%
Deux camps qui s'affrontentlors de cette guerre Confédération
56%
États membres des Étatsconfédérés Géorgie
54%
États membres des Étatsconfédérés Arkansas
53%
États membres des Étatsconfédérés Tennessee
51%
Bataille la plus meurtrière duconflit Bataille de Gettysburg
49%
États membres des États-Unis Californie
49%
Nombre d'états américains 25
46%
États membres des États-Unis Missouri
45%
États membres des États-Unis Maine
44%
États membres des États-Unis Ohio
44%
Capitales des États confédérés Richmond
44%
États membres des États-Unis Kansas
43%
États membres des États-Unis Kentucky
42%
États membres des États-Unis Virginie-occidentale
41%
États membres des États-Unis New Hampshire
38%
États membres des États-Unis New Jersey
38%
États membres des États-Unis Pennsylvanie
38%
États membres des États-Unis Illinois
37%
États membres des États-Unis Michigan
37%
États membres des États-Unis Vermont
37%
Président confédéré en fonctiondurant la guerre Jefferson Davis
35%
États membres des États-Unis Maryland
35%
États membres des États-Unis Massachusetts
35%
États membres des États-Unis Rhode Island
35%
États membres des États-Unis Delaware
33%
États membres des États-Unis Oregon
33%
États membres des États-Unis Iowa
31%
États membres des États-Unis Connecticut
30%
États membres des États-Unis Indiana
30%
États membres des États-Unis Wisconsin
29%
États membres des États-Unis Minnesota
26%
États membres des États-Unis Nevada
25%
Capitales des États confédérés Montgomery
8%
Nombre de soldats morts lorsde cette guerre 620 000
6%
Capitales des États confédérés Danville
2%
Aucun quiz correspondant
Distribution des résultats
% des personnes avec chaque résultat
Percentile par nombre de réponses
Votre historique - résultats
Vous n’avez pas pris ce quiz